000 00458nam a2200181Ia 4500
008 240925s9999 xx 000 0 und d
020 _a9788126510894
082 _a530 RES
100 _aResnick, Robert; Halliday, David
245 0 _aPhysics
250 _a5th
260 _aNew Delhi:
_bWiley
_c,2005.
300 _axxiii, 476p.
_b2
_fOriginal
500 _aIncludes Index
600 _aHumanities & Natural Science
650 _aPhysics
942 _cBK
999 _c14046
_d14046